Decoding plant-environment-microbiome interactions in stress-resilient agriculture /

Bibliographic Details
Corporate Author: ScienceDirect (Online service)
Other Authors: Rizvi, Asfa (Editor), Khan, Mohammad Saghir (Editor), Pajuelo, Eloisa (Editor), Oufdou, Khalid (Editor), Ahmed, Bilal (Editor)
Format: eBook
Language:English
Published: Amsterdam : Academic Press, 2025.
Subjects:
Online Access:Connect to the full text of this electronic book

MARC

Tag First Indicator Second Indicator Subfields
LEADER 00000cam a22000008i 4500
001 in00005776449
005 20260327191539.6
006 m o d
007 cr |||||||||||
008 251008s2025 ne o 000 0 eng d
040 |a UKMGB  |b eng  |e rda  |e pn  |c UKMGB  |d OCLCO  |d OPELS 
015 |a GBC5C2623  |2 bnb 
016 7 |a 300634681  |2 Uk 
020 |a 9780443329333  |q ePub ebook 
020 |a 0443329338  |q ePub ebook 
020 |z 9780443329326 
024 8 |a CIPO000301263 
035 |a (OCoLC)1550453692 
050 4 |a QR51 
082 0 4 |a 579.178  |2 23 
049 |a TXAM 
245 0 0 |a Decoding plant-environment-microbiome interactions in stress-resilient agriculture /  |c edited by Asfa Rizvi, Mohammad Saghir Khan, Eloisa Pajuelo, Khalid Oufdou, Bilal Ahmed. 
264 1 |a Amsterdam :  |b Academic Press,  |c 2025. 
300 |a 1 online resource (350 pages) 
336 |a text  |b txt  |2 rdacontent 
337 |a computer  |b c  |2 rdamedia 
338 |a online resource  |b cr  |2 rdacarrier 
588 |a Description based on CIP data; resource not viewed. 
650 0 |a Agricultural microbiology. 
650 0 |a Plant-microbe relationships. 
650 0 |a Plants  |x Effect of stress on. 
650 6 |a Microbiologie agricole. 
650 6 |a Relations plante-micro-organisme. 
650 6 |a Plantes  |x Effets du stress sur. 
650 7 |a Agricultural microbiology  |2 fast 
650 7 |a Plant-microbe relationships  |2 fast 
650 7 |a Plants  |x Effect of stress on  |2 fast 
655 7 |a Electronic books.  |2 local 
700 1 |a Rizvi, Asfa,  |e editor. 
700 1 |a Khan, Mohammad Saghir,  |e editor. 
700 1 |a Pajuelo, Eloisa,  |e editor. 
700 1 |a Oufdou, Khalid,  |e editor. 
700 1 |a Ahmed, Bilal,  |e editor. 
710 2 |a ScienceDirect (Online service) 
776 0 8 |i Print version :  |z 9780443329326 
856 4 0 |u http://proxy.library.tamu.edu/login?url=https://www.sciencedirect.com/science/book/9780443329326  |z Connect to the full text of this electronic book  |t 0 
955 |a Elsevier ScienceDirect 2026-2027 
994 |a 92  |b TXA 
999 f f |i 35941172-e80f-4050-bd9c-72fa8ee7ad9b  |s 23e69692-11a9-4417-88a1-9009b909ce12  |t 0 
952 f f |a Texas A&M University  |b College Station  |c Electronic Resources  |s www_evans  |d Available Online  |t 0  |e QR51   |h Library of Congress classification 
998 f f |a QR51   |t 0  |l Available Online